| 000 | 00720nam a2200289Ia 4500 | ||
|---|---|---|---|
| 005 | 20260324125545.0 | ||
| 008 | 008 260324s9999 xx 000 0 eng d | ||
| 020 | _a9781849774574 | ||
| 037 | _aEBOOK | ||
| 040 | _aCRL | ||
| 040 | _beng | ||
| 040 | _cCRL | ||
| 041 | _2eng | ||
| 041 | _aeng | ||
| 084 | _qCRL | ||
| 100 |
_aEric Mollard; Kate A. Berry _91178423 |
||
| 245 | 0 | _aSocial Participation in Water Governance and Management | |
| 245 | 0 | _bCritical and Global Perspectives | |
| 260 | _bTaylor and Francis | ||
| 260 | _c2009 | ||
| 365 | _a | ||
| 365 | _b145 | ||
| 856 | _uhttp://www.taylorfrancis.com/books/9781849774574 | ||
| 942 | _cEBOOK | ||
| 999 |
_c1773815 _d1773815 |
||